000 00255nam a22000857a 4500
008 160912b xxu||||| |||| 00| 0 eng d
100 _9384
_aKochar, S., et al
245 _aTogether With Get Going Grammar - 3
260 _aNew Delhi
_bRachna Sagar publication
_c2008
999 _c3042
_d3042